Foods that Start with F - Statistics

General Stats
  • This quiz has been taken 125 times
  • The average score is 7 of 15
Answer Stats
Picture Answer % Correct
French Fries/ Fries
95%
Fried Egg
88%
Fig
85%
Fortune Cookie
80%
Fish
71%
Flan
63%
Fennel
57%
Feta
57%
Fudge
40%
Frozen Yogurt
35%
Filet Mignon
30%
Fruitcake
16%
Flaxseed
14%
Foie Gras
10%
French Donut
4%
No matching quizzes found
Score Distribution
Percent of People with Each Score
Percentile by Number Answered
Your Score History
You have not taken this quiz